| 000 | 01240 a2200277 4500 | ||
|---|---|---|---|
| 003 | Nust | ||
| 005 | 20170207154044.0 | ||
| 010 | _a 2007032142 | ||
| 020 | _a0470127287 | ||
| 020 | _a9780470127285 (paper/website) | ||
| 035 | _a(OCoLC)ocn165081894 | ||
| 040 | _cNust | ||
| 082 | 0 | 0 | _a004.682 |
| 100 | 1 | _aCallahan, C. A., | |
| 245 | 1 | 0 |
_aMastering Windows SharePoint Services 3.0 -(E-BOOK) _cC.A. Callahan. |
| 260 |
_aIndianapolis, Ind. : _bWiley Pub., _cc2008. |
||
| 300 |
_axxxiii, 1067 p. : _bill. ; _c24 cm. |
||
| 440 | 0 | _aSerious skills | |
| 505 | _aPart I. Preparing for Windows SharePoint Services 3.0 (page-1), Part II. Using Windows SharePoint Services 3.0 (page-133), Part III. administering Windows SharePoint Services 3.0 (page-563), Part IV. Special Topics in Windows SharePoint Services 3.0 (page-805). | ||
| 650 | 0 | _aIntranets (Computer networks) | |
| 650 | 0 | _aWeb servers. | |
| 651 | _aE-BOOK | ||
| 856 | 4 | 2 |
_3Contributor biographical information _uhttp://www.loc.gov/catdir/enhancements/fy0806/2007032142-b.html |
| 856 | 4 | 2 |
_3Publisher description _uhttp://www.loc.gov/catdir/enhancements/fy0741/2007032142-d.html |
| 856 | 4 | 2 |
_3Table of contents only _uhttp://www.loc.gov/catdir/enhancements/fy0741/2007032142-t.html |
| 942 |
_2ddc _cBK |
||
| 999 |
_c192791 _d192791 |
||